Sports Quiz

Random Sports or WWE Quiz

WWE PPV Main Events 2003-2010 part 1 Quiz Stats

 Plays Quiz not verified by Sporcle

Challenge
Share
Tweet
Embed
Score 0/200 Timer 12:00
1 Play Today
PPV Wrestler % Correct
Royal Rumble 2005John Cena
98.2%
Judgment Day 2005John Cena
98.2%
Unforgiven 2005John Cena
98.2%
Taboo Tuesday 2005John Cena
98.2%
New Years Revolution 2006John Cena
98.2%
Wrestlemania 22John Cena
98.2%
Backlash 2006John Cena
98.2%
ECW One Night Stand 2006John Cena
98.2%
SummerSlam 2006John Cena
98.2%
Unforgiven 2006John Cena
98.2%
Cyber Sunday 2006John Cena
98.2%
Armageddon 2006John Cena
98.2%
New Years Revolution 2007John Cena
98.2%
No Way Out 2007John Cena
98.2%
Wrestlemania 23John Cena
98.2%
Backlash 2007John Cena
98.2%
Judgement Day 2007John Cena
98.2%
One Night Stand 2007John Cena
98.2%
Vengeance:The Night of Champions 2007John Cena
98.2%
The Great American Bash 2007John Cena
98.2%
SummerSlam 2007John Cena
98.2%
Insurrextion 2003Triple H
98.1%
Bad Blood 2003Triple H
98.1%
SummerSlam 2003Triple H
98.1%
Unforgiven 2003Triple H
98.1%
Survivor Series 2003Triple H
98.1%
Armageddon 2003Triple H
98.1%
Wrestlemania XXTriple H
98.1%
Backlash 2004Triple H
98.1%
Bad Blood 2004Triple H
98.1%
Vengeance 2004Triple H
98.1%
Unforgiven 2004Triple H
98.1%
Survivor Series 2004Triple H
98.1%
New Year's Revolution 2005Triple H
98.1%
Wrestlemania 21Triple H
98.1%
Backlash 2005Triple H
98.1%
Vengeance 2005Triple H
98.1%
Wrestlemania 22Triple H
98.1%
Backlash 2006Triple H
98.1%
Vengeance 2006Triple H
98.1%
No Mercy 2007Triple H
98.1%
Royal Rumble 2003The Undertaker
97.5%
No Mercy 2003The Undertaker
97.5%
The Great American Bash 2004The Undertaker
97.5%
No Mercy 2004The Undertaker
97.5%
Armageddon 2004The Undertaker
97.5%
Armageddon 2005The Undertaker
97.5%
No Way Out 2006The Undertaker
97.5%
Royal Rumble 2007The Undertaker
97.5%
No Way Out 2007The Undertaker
97.5%
Unforgiven 2007The Undertaker
97.5%
Cyber Sunday 2007The Undertaker
97.5%
SummerSlam 2003Shawn Michaels
96.6%
Wrestlemania XXShawn Michaels
96.6%
Backlash 2004Shawn Michaels
96.6%
Bad Blood 2004Shawn Michaels
96.6%
SummerSlam 2005Shawn Michaels
96.6%
Taboo Tuesday 2005Shawn Michaels
96.6%
Survivor Series 2005Shawn Michaels
96.6%
New Years Revolution 2006Shawn Michaels
96.6%
Vengeance 2006Shawn Michaels
96.6%
Royal Rumble 2007Shawn Michaels
96.6%
No Way Out 2007Shawn Michaels
96.6%
Wrestlemania 23Shawn Michaels
96.6%
Backlash 2007Shawn Michaels
96.6%
SummerSlam 2003Randy Orton
96.4%
SummerSlam 2004Randy Orton
96.4%
PPV Wrestler % Correct
Unforgiven 2004Randy Orton
96.4%
Taboo Tuesday 2004Randy Orton
96.4%
Survivor Series 2004Randy Orton
96.4%
New Year's Revolution 2005Randy Orton
96.4%
Survivor Series 2005Randy Orton
96.4%
Armageddon 2005Randy Orton
96.4%
Backlash 2007Randy Orton
96.4%
Vengeance:The Night of Champions 2007Randy Orton
96.4%
SummerSlam 2007Randy Orton
96.4%
No Mercy 2007Randy Orton
96.4%
Survivor Series 2004Edge
95.6%
New Year's Revolution 2005Edge
95.6%
Backlash 2006Edge
95.6%
SummerSlam 2006Edge
95.6%
Unforgiven 2006Edge
95.6%
Backlash 2007Edge
95.6%
Wrestlemania XIXKurt Angle
95.2%
Vengeance 2003Kurt Angle
95.2%
Unforgiven 2005Kurt Angle
95.2%
Taboo Tuesday 2005Kurt Angle
95.2%
New Years Revolution 2006Kurt Angle
95.2%
Royal Rumble 2006Kurt Angle
95.2%
No Way Out 2006Kurt Angle
95.2%
Armageddon 2003Kane
95.1%
Survivor Series 2005Kane
95.1%
New Years Revolution 2006Kane
95.1%
Survivor Series 2004Batista
94.7%
New Year's Revolution 2005Batista
94.7%
Royal Rumble 2005Batista
94.7%
Wrestlemania 21Batista
94.7%
Backlash 2005Batista
94.7%
Vengeance 2005Batista
94.7%
The Great American Bash 2005Batista
94.7%
No Mercy 2005Batista
94.7%
Survivor Series 2005Batista
94.7%
No Mercy 2006Batista
94.7%
Survivor Series 2006Batista
94.7%
Armageddon 2006Batista
94.7%
No Way Out 2007Batista
94.7%
Cyber Sunday 2007Batista
94.7%
Royal Rumble 2003Brock Lesnar
94.6%
Wrestlemania XIXBrock Lesnar
94.6%
Vengeance 2003Brock Lesnar
94.6%
No Mercy 2003Brock Lesnar
94.6%
No Way Out 2004Brock Lesnar
94.6%
Judgment Day 2003Brock Lesnar
94.6%
No Way Out 2003The Rock
94.5%
Backlash 2003The Rock
94.5%
Judgement Day 2003The Big Show
93.8%
Vengeance 2003The Big Show
93.8%
Royal Rumble 2004The Big Show
93.8%
No Way Out 2005The Big Show
93.8%
Survivor Series 2005The Big Show
93.8%
Cyber Sunday 2006The Big Show
93.8%
December to Dismember 2006The Big Show
93.8%
Royal Rumble 2004Chris Benoit
92.9%
Wrestlemania XXChris Benoit
92.9%
Backlash 2004Chris Benoit
92.9%
Vengeance 2004Chris Benoit
92.9%
SummerSlam 2004Chris Benoit
92.9%
Survivor Series 2004Chris Benoit
92.9%
New Year's Revolution 2005Chris Benoit
92.9%
SummerSlam 2003Chris Jericho
92.5%
Survivor Series 2004Chris Jericho
92.5%
New Year's Revolution 2005Chris Jericho
92.5%
No Way Out 2004Eddie Guerrero
91.4%
Judgment Day 2004Eddie Guerrero
91.4%
PPV Wrestler % Correct
Armageddon 2004Eddie Guerrero
91.4%
No Mercy 2005Eddie Guerrero
91.4%
ECW One Night Stand 2006Rob Van Dam
89.8%
December to Dismember 2006Rob Van Dam
89.8%
Judgment Day 2004JBL
89.2%
No Mercy 2004JBL
89.2%
Armageddon 2004JBL
89.2%
No Way Out 2005JBL
89.2%
Judgment Day 2005JBL
89.2%
The Great American Bash 2005JBL
89.2%
Survivor Series 2005JBL
89.2%
Judgment Day 2006JBL
89.2%
Survivor Series 2005Rey Mysterio
88.5%
Judgment Day 2006Rey Mysterio
88.5%
The Great American Bash 2006Rey Mysterio
88.5%
No Way Out 2003Hulk Hogan
87.6%
SummerSlam 2005Hulk Hogan
87.6%
The Great American Bash 2006King Booker
86.8%
No Mercy 2006King Booker
86.8%
Cyber Sunday 2006King Booker
86.8%
Survivor Series 2006King Booker
86.8%
Armageddon 2006King Booker
86.8%
Vengeance:The Night of Champions 2007King Booker
86.8%
Armageddon 2004Booker T
86.6%
Backlash 2003Goldberg
86.1%
SummerSlam 2003Goldberg
86.1%
Unforgiven 2003Goldberg
86.1%
Survivor Series 2003Goldberg
86.1%
Armageddon 2003Goldberg
86.1%
December to Dismember 2006CM Punk
85.7%
Taboo Tuesday 2004Ric Flair
83.9%
Survivor Series 2005Bobby Lashley
80.8%
No Mercy 2006Bobby Lashley
80.8%
December to Dismember 2006Bobby Lashley
80.8%
Vengeance:The Night of Champions 2007Bobby Lashley
80.8%
The Great American Bash 2004Bobby Lashley
80.8%
Insurrextion 2003Kevin Nash
78.3%
Bad Blood 2003Kevin Nash
78.3%
SummerSlam 2003Kevin Nash
78.3%
Judgment Day 2007The Great Khali
76.7%
One Night Stand 2007The Great Khali
76.7%
The Great American Bash 2004Bubba Ray Dudley
76.4%
ECW One Night Stand 2005Bubba Ray Dudley
76.4%
The Great American Bash 2004D-Von Dudley
76.4%
ECW One Night Stand 2005D-Von Dudley
76.4%
Vengeance:The Night of Champions 2007Mick Foley
74.4%
New Years Revolution 2007Umaga
74.1%
Royal Rumble 2006Mark Henry
74%
Unforgiven 2007Mark Henry
74%
ECW One Night Stand 2005Tommy Dreamer
73.2%
Survivor Series 2005Carlito
70.7%
New Years Revolution 2006Carlito
70.7%
Survivor Series 2005Chris Masters
67.7%
New Years Revolution 2006Chris Masters
67.7%
ECW One Night Stand 2005Sandman
67.6%
December to Dismember 2006Hardcore Holly
66.2%
December to Dismember 2006Test
65.8%
Vengeance 2006Kenny
63.9%
Vengeance 2006Mikey
63.2%
Vengeance 2006Nicky
62.6%
No Mercy 2006Finlay
62.5%
Armageddon 2006Finlay
62.5%
Vengeance 2006Mitch
62%
Vengeance 2006Johnny
61.2%
Survivor Series 2004Maven
50%
Survivor Series 2004Snitsky
47.6%

You're not logged in!

Compare scores with friends on all Sporcle quizzes.
OR
Log In

You Might Also Like...

Show Comments

Extras

Created Dec 15, 2009ReportNominate
Tags:WWE Quiz, 2000s, event, ppv, PPV Main, wrestlers

Top Quizzes Today


Score Distribution

Your Account Isn't Verified!

In order to create a playlist on Sporcle, you need to verify the email address you used during registration. Go to your Sporcle Settings to finish the process.

Report this User

Report this user for behavior that violates our Community Guidelines.

Details: